| 000 | 00753nam a2200253Ia 4500 | ||
|---|---|---|---|
| 003 | OSt | ||
| 005 | 20221005085724.0 | ||
| 006 | a|||||r|||| 00| 0 | ||
| 007 | ta | ||
| 008 | 221004b |||||||| |||| 00| 0 eng d | ||
| 020 |
_a9781462513666 (hbk) _c3491.86 |
||
| 024 | _a18469 | ||
| 037 |
_b990, 12/03/2015, Bright Book Service _cTextual |
||
| 040 |
_aCRL _cCRL _beng |
||
| 041 |
_2eng _aeng |
||
| 082 | _aSN1,6:1, Q4 | ||
| 100 | _aPennington Bruce F. | ||
| 245 | 0 | _aExplaining abnormal behavior | |
| 260 |
_aNew York _bGuilgord Press U.S.A _c2014 |
||
| 300 |
_axvi, 272p. _ccm. |
||
| 650 | _aPSYCHOLOGY | ||
| 942 |
_hSN1,6:1, Q4 _cTEXL _2cc |
||
| 999 |
_c994687 _d994687 |
||